000 00672nam a22002177a 4500
003 UA-OsUOA
001 58048
007 ta
008 20090126b un ||||| |||| 00| 0 ukr d
100 _aМайстренко О.
090 _a330(477)
_bМ14
942 _cSA
040 _aUA-OsUOA
_bukr
_cUA-OsUOA
_dUA-OsUOA
245 _aРеформування податкової системи України як спосіб вирішення податкових колізій
300 _aС.14-18
955 _a0
041 _aukr
080 _a330(477)
773 0 _w58045
_tЄвроінформ
_dК.
_d2007
_g4
650 7 _a330 Економіка взагалі
_2UDC
999 _c344130
_d344130